00496nam a2200193Ia 4500003000400000005001700004008004100021020002200062040000700084041000800091082001800099100002100117245005200138260003600190300001200226365001300238650001400251650003700265OSt20230616105800.0210423s2014 xx 000 0 und d a978-1-119-94294-8 cAL aeng a541.0421 WESS aWEST (Anthony R) aSolid state chemistry and its applications Ed 2 aNew DelhibWiley and Sonsc2014 a734bPB b709cINR aChemistry aPhysical & Theoretical Chemistry